LEADER 00937nam0-2200337---450- 001 990008285960403321 005 20060712092333.0 010 $a88-430-2947-9 035 $a000828596 035 $aFED01000828596 035 $a(Aleph)000828596FED01 035 $a000828596 100 $a20060301d2004----km-y0itay50------ba 101 0 $aita 102 $aIT 105 $aa-------001yy 200 1 $aTeatro e antropologia$etra rito e spettacolo$fRoberto Tessari 210 $aRoma$cCarocci$d2004 215 $a229 p.$d22 cm 225 1 $aStudi superiori$iSpettacolo$v457 610 0 $aTeatro 676 $a792.01 700 1$aTessari,$bRoberto$f<1943- >$0329406 801 0$aIT$bUNINA$gRICA$2UNIMARC 901 $aBK 912 $a990008285960403321 952 $a792.01 TES 1$bBibl. 52661$fFLFBC 952 $a792.01 TES 1 Bis$bBibl. 52850$fFLFBC 959 $aFLFBC 996 $aTeatro e antropologia$9740693 997 $aUNINA LEADER 01370nam 2200349Ia 450 001 996395150803316 005 20221108091805.0 035 $a(CKB)4330000000317591 035 $a(EEBO)2240974630 035 $a(OCoLC)12336413 035 $a(EXLCZ)994330000000317591 100 $a19850801d1676 uy | 101 0 $aeng 135 $aurbn||||a|bb| 200 12$aA defence of the discourse concerning the idolatry practised in the Church of Rome$b[electronic resource] $ein answer to a book entituled, Catholicks no idolators /$fby Ed. Stillingfleet .. 210 $aLondon $cPrinted by Robert White for Henry Mortlock ...$d1676 215 $a2 v. ([28], 347, [2]; 349-877 p.) 300 $aReproduction of original in Huntington Library. 300 $aTable of contents: p. [25]-[27] 300 $aVol. 2 has title: The second part of the answer to T.G., being a defence of the charge of idolatry practised in the Roman church, in the worship of images. 330 $aeebo-0113 606 $aIdolatry$vEarly works to 1800 615 0$aIdolatry 700 $aStillingfleet$b Edward$f1635-1699.$01002572 801 0$bEAA 801 1$bEAA 801 2$bm/c 801 2$bWaOLN 906 $aBOOK 912 $a996395150803316 996 $aA defence of the discourse concerning the idolatry practised in the Church of Rome$92413490 997 $aUNISA